000 00702nam a2200229 a 4500
001 19042
003 CO-ViMGA
008 141112s2004 ck r 000 u spa d
020 _a9588160243
040 _aCO-ViMGA
_bspa
_cCO-ViMGA
082 0 4 _a720 S153ar
100 1 _aSaldarriaga Roa, Alberto
_92855
245 1 0 _aLa Arquitectura como experiencia :
_bEspacio; cuerpo y sensibilidad
260 _aBogotá :
_bVillegas editores; 2002
300 _a319 p.
490 _aVillegas Arquitectura
590 _aForma de adquisición : Proyecto 2005 - - Precio :
_27.000
650 1 4 _aARQUITECTURA
650 1 4 _aARQUITECTURA URBANA
_95311
650 1 4 _aESPACIO EN ARQUITECTURA
_927296
942 _2ddc
_cBK
999 _c28229
_d28229